| 000 | 00569nam a2200205Ia 4500 | ||
|---|---|---|---|
| 005 | 20231106102902.0 | ||
| 008 | 140110s9999 xx 000 0 und d | ||
| 020 |
_a9789380199382 _cRs.950.00 |
||
| 040 | _aLoreto College | ||
| 041 | _aEnglish | ||
| 082 |
_a342.954 _bJOH |
||
| 100 | _aJohari,R.C. | ||
| 245 |
_aIndian government and politics _cR.C.Johari |
||
| 260 |
_aNew Delhi _bWisdom Press _c2011 |
||
| 300 | _av,272p. | ||
| 504 | _aIncludes bibliographical references and index | ||
| 650 | _aIndia-Politics and government | ||
| 850 | _aLCLIB | ||
| 942 | _cBK | ||
| 999 |
_c38513 _d88992 |
||